| 000 | 01685nam1a2200289 4500 | ||
|---|---|---|---|
| 001 | RU\NLR\BIBL_A\011782483 | ||
| 005 | 20260628175106.0 | ||
| 035 | _a(NLR Aleph) 011782483 | ||
| 090 |
_a13740284 _c13740284 |
||
| 100 | _a20180905g19859999k y0rusy50 ca | ||
| 101 | 0 | _arus | |
| 102 | _aUZ | ||
| 105 | _a||||j ||||| | ||
| 200 | 1 |
_aМетодические указания к проведению занятий по русскому языку и рабочая программа по практическому курсу русского языка для национальных групп всех специальностей _fМ-во просвещения УзССР, Респ. метод. каб. по высш. и сред. пед. образованию _gсост. Ахмедов И.Р. [и др.] _gред. Янковская Т.И. |
|
| 210 |
_aТашкент _c[б.и.] _d1985 |
||
| 215 | _d20 | ||
| 606 | 1 |
_aРусский язык _xПреподавание нерусским _xВысшая школа _92157577 _3RU\NLR\AUTH\661298750 |
|
| 686 | 1 | _aЧ486.132(2) | |
| 702 | 1 |
_aАхмедов _bИ. Р. _gИсмаил Ризаевич _4220 |
|
| 702 | 1 |
_aЯнковская _bТ. И. _gТатьяна Иосифовна _4340 |
|
| 712 | 0 | 2 |
_4570 _aУзбекский республиканский методический кабинет по высшему и среднему педагогическому образованию _cТашкент _9634109 _3RU\NLR\AUTH\8810066243 |
| 852 |
_aNLR _j87-4/4644 |
||
| 942 | _cBOOK | ||
| 980 | _aNB | ||